000 00637nam a2200181Ia 4500
008 151018s9999 xx 000 0 und d
082 _bRBASDV6915
_a891.463
100 _aएस एन काशीकर
245 _aबहुरूपी काळा चष्मा
250 _b1
260 _bभारतीय प्रकाशन संस्था
_c1970
300 _a105
600 _aएस एन काशीकर
630 _aबहुरूपी काळा चष्मा
700 _aएस एन काशीकर
730 _aबहुरूपी काळा चष्मा
942 _cBOOK
999 _c1009284
_d1009281